| 000 | 00753nam a22002057a 4500 | ||
|---|---|---|---|
| 003 | OSt | ||
| 005 | 20260316082445.0 | ||
| 008 | 260316b |||||||| |||| 00| 0 eng d | ||
| 020 | _a978-1-338-08860-1 | ||
| 040 |
_aDWCL GS lib _cOC |
||
| 100 | _aGERONIMO STILTON | ||
| 245 |
_a Spacemice: Pirate Spacecat Attack _cGERONIMO STILTON |
||
| 260 |
_a New York _bScholastic Inc _c2017 |
||
| 300 |
_avii, 111 pages. _c19cm. |
||
| 520 | _aIn Geronimo Stilton Spacemice #10: Pirate Spacecat Attack, Geronimo Stiltonix takes the broken MouseStar 1 computer, Hologramix, to be repaired on a distant planet. | ||
| 546 | _aEnglish | ||
| 650 | _2children's science fiction | ||
| 650 | _2animal fantasy, and humorous fiction, | ||
| 942 |
_2ddc _cFIC. _hFic. _n0 |
||
| 999 |
_c9165 _d9165 |
||